000 00431nam a2200157Ia 4500
008 210716s2007 xx 000 0 und d
020 _a8174465081
041 _aeng
082 _a658.15 BHAS
100 _aBhat, Sudhindra.
245 _aFinancial management: principles and practice.
_bPrinciples and practice.
250 _a1
260 _aNew Delhi
_bExcel Books
_c2007
300 _axi,599
650 _aManagement Accounting
999 _c201760
_d201760